| 000 | 00375nam a2200145Ia 4500 | ||
|---|---|---|---|
| 008 | 230917s9999||||xx |||||||||||||| ||und|| | ||
| 020 | _cPOU4.95 | ||
| 040 |
_e5867 _aMAIN |
||
| 041 | _aEnglish | ||
| 082 | _a362.734 F57B | ||
| 100 | _aFitzgerald, John | ||
| 245 | 0 | _aBuilding new families: through adoption and fosterinmg | |
| 260 |
_aOxford _bBasil Blackwell |
||
| 942 | _cBK | ||
| 999 |
_c35821 _d35821 |
||